000 01535nam a2200469 i 4500
001 44383
003 KOSZ 005
005 20200226144350.0
008 040210s2003 pl a e |001 0 pol
015 _aPB 2004/4835
020 _a8388731335
035 _a991022400139705066
035 _a(PL-WaBN)b16041197-48omnis_nlop
035 _ab16041197
035 _a(OCoLC)69566304
035 _a(PL)b0000001604119
035 _a(EXLNZ-48OMNIS_NETWORK)9910483128205606
040 _aWA N
_cWA N
_dKOSZ 005/HR
041 0 _apol
046 _k2003
080 _a528
080 _a(03)
100 1 _aKlimko, Ryszard
_eAutor
245 1 0 _aPodręczny leksykon terminów kartograficznych i geodezyjnych /
_cRyszard Jan Klimko ; Pomorska Akademia Pedagogiczna w Słupsku.
260 _aSłupsk :
_bWydaw. PAP,
_c2003.
300 _a155 s. (w tym 1 k. tabl. złoż.) :
_bmapy, pl., rys., tab., wykr. ;
_c25 cm.
336 _2rdacontent
_aTekst
_btxt
337 _2rdamedia
_aBez urządzenia pośredniczącego
_bn
338 _2rdacarrier
_aWolumin
_bnc
380 _aKsiążki
380 _aPublikacje fachowe
380 _aPublikacje informacyjne
388 _a2001-
504 _aBibliogr. s. 143. Indeks.
650 7 _aGeodezja
_2DBN
650 7 _aKartografia
_2DBN
655 7 _aEncyklopedia
_2DBN
658 _aGeografia i nauki o Ziemi
856 _uhttp://koha.tu.koszalin.pl/cgi-bin/koha/opac-detail.pl?biblionumber=44383
_yKatalog online BPK
942 _2UKD
_cKS
999 _c44383
_d44383